Az államalkotó szerződések a magyar közjogban II.
Elmentve itt :
| Szerző: | |
|---|---|
| Adatforrás: | Philobibl |
| Forrásdokumentuma: | Athenaeum 1903/3 364-380. p. |
| Dokumentumtípus: | Cikk |
| Nyelv: | magyar |
| LEADER | 00303nab a2200097 c 4500 | ||
|---|---|---|---|
| 001 | bibDOK00013023 | ||
| 005 | 20200924120818.5 | ||
| 008 | 060518s1903 xx hun | ||
| 100 | 1 | |a Ferdinandy Géza | |
| 245 | 1 | 3 | |a Az államalkotó szerződések a magyar közjogban II. |c Ferdinandy Géza |
| 773 | 0 | |t Athenaeum 1903/3 |g 364-380. p. | |